| 000 | 00520nam a22001817a 4500 | ||
|---|---|---|---|
| 999 |
_c5741 _d5741 |
||
| 003 | AR-CdUCM | ||
| 008 | 190313b ||||| |||| 00| 0 spa d | ||
| 040 |
_aMUNICIPALIDAD PROVINCIAL DEL CUSCO _cBIBLIOTECA MUNICIPAL DEL CUSCO |
||
| 082 |
_a869.15 / _bO383 |
||
| 100 |
_aOjeda, David _917083 |
||
| 245 | _aLas condiciones de la guerra / | ||
| 260 |
_aLa Habana : _bCasa de las Américas, _c1978. |
||
| 300 |
_a88 páginas ; _c19 cm. |
||
| 505 | _anovela. | ||
| 650 |
_aNovela. _95 |
||
| 942 |
_2ddc _cLIBROS |
||
| 945 | _awfj | ||